| 000 | 00755cab a2200265 4500 | ||
|---|---|---|---|
| 001 | WB3333-47 | ||
| 008 | 090401t1997 xxu||||| |||| 00| 0 eng d | ||
| 035 | _a(Sirsi) u80445 | ||
| 041 | _aeng | ||
| 245 | _aEuropean rents | ||
| 260 | _c1997 | ||
| 350 | _a0 | ||
| 490 |
_aBirmingham Post _v21 August 1997, 29(1) |
||
| 520 | _aHillier Parker`s latest survey of European commercial property shows that rents have continued to grow over the last 12 months. | ||
| 650 | _aCOMMERCIAL PROPERTY RENTS | ||
| 650 | _aEUROPEAN PROPERTY | ||
| 650 | _aHILLIER PARKER | ||
| 650 | _aINDUSTRIAL RENTS | ||
| 650 | _aOFFICE RENTS | ||
| 650 | _aRENTAL LEVELS | ||
| 650 | _aRETAIL RENTS | ||
| 690 | _aOVERSEAS-EUROPE | ||
| 942 | _n0 | ||
| 948 | _c22/08/1997 | ||
| 999 |
_c50654 _d50654 |
||